00377cam a2200145ua 450000100060000000800390000604000090004504100120005408200160006610000240008224500280010626000470013430000170018165300330019817391060101n II |||gr||||Z||||||eng aMAIN aEnglish a578.012 MON aMONDAL, AMAL KUMAR. aADVANCED PLANT TAXONOMY aKOLKATTA:bNEW CENTRAL BOOK AGENCY,c2005. a441.:c22CM. aNatural history of organisms